| Record ID | ia:caillouridesonpl00harv |
| Source | Internet Archive |
| Download MARC XML | https://archive.org/download/caillouridesonpl00harv/caillouridesonpl00harv_marc.xml |
| Download MARC binary | https://www.archive.org/download/caillouridesonpl00harv/caillouridesonpl00harv_meta.mrc |
LEADER: 00898cam a2200277 a 4500
001 29593521
003 BIBLIOS
005 20041220114600.0
008 000310s2000 quca j 000 1 eng d
016 $a009403914
020 $a289450182X
035 $aocm43710729
040 $aCaQMBN$beng$cNLC$dBIBLIOS
041 1 $aeng$hfre
082 0 $aj387.7/42$221
100 1 $aHarvey, Roger,$d1940-
245 10 $aCaillou rides on a plane /$cadapted from the animated film, Roger Harvey ; illustration, CINAR Animation.
260 $a[Montréal] :$bChouette,$cc2000.
300 $a[24] p. :$bcol. ill. ;$c19 cm.
440 0 $aBackpack Collection
500 $aTranslation of: Caillou prend l'avion.
500 $aFor children aged 3 and up.
550 $aCo-published by: CINAR.
650 0 $aAir travel$vJuvenile fiction.
710 2 $aCINAR Corporation.
998 $d29593472$b289450182$cCaillouridesonaplane